Voces disidentes : (Record no. 129530)

MARC details
000 -LEADER
fixed length control field 00739nam a22001937a 4500
005 - DATE AND TIME OF LATEST TRANSACTION
control field 20170307125246.0
008 - FIXED-LENGTH DATA ELEMENTS--GENERAL INFORMATION
fixed length control field 111031t mx||||| |||| 00| 0 spa d
020 ## - INTERNATIONAL STANDARD BOOK NUMBER
International Standard Book Number 9707015357
050 04 - LIBRARY OF CONGRESS CALL NUMBER
Classification number HQ1075.5M6
Item number V63 2004
245 00 - TITLE STATEMENT
Title Voces disidentes :
Remainder of title debates contemporáneos en los estudios de género en México /
Statement of responsibility, etc coord. Sara Elena Pérez-Gil Romo,Patricia Ravelo Blancas
250 ## - EDITION STATEMENT
Edition statement 1a ed.
260 ## - PUBLICATION, DISTRIBUTION, ETC. (IMPRINT)
Place of publication, distribution, etc México :
Name of publisher, distributor, etc CIESAS, Centro de Investigaciones y Estudios Superiores en Antropología Social :
Date of publication, distribution, etc 2004
300 ## - PHYSICAL DESCRIPTION
Extent 537 p. :
Dimensions 23 cm.
504 ## - BIBLIOGRAPHY, ETC. NOTE
Bibliography, etc Incluye índice
650 #4 - SUBJECT ADDED ENTRY--TOPICAL TERM
Topical term or geographic name as entry element Feminismo
General subdivision Historia
Geographic subdivision México
700 1# - ADDED ENTRY--PERSONAL NAME
Personal name Pérez-Gil Romo, Sara Elena,
Relator term coord.
700 1# - ADDED ENTRY--PERSONAL NAME
Personal name Ravelo Blancas, Patricia,
Relator term coord.
942 ## - ADDED ENTRY ELEMENTS (KOHA)
Source of classification or shelving scheme Biblioteca del Cogreso de los Estados Unidos
Koha item type Libro
Holdings
Estado de pérdida Fuente de clasificación Estado del daño No para préstamo Ubicación permanente Ubicación actual Apartado o colección Fecha de adquisición Edición Área del conocimiento Clasificación Código de Barras Date last seen Número de copia Tipo de recurso
  Biblioteca del Cogreso de los Estados Unidos     Biblioteca de la Facultad de Filosofía Biblioteca de la Facultad de Filosofía General 07/03/2017 1a ed Educación y Humanidades HQ1075 .5M6 V63 2004 BFF000021574 07/03/2017 1 Libro